|
|
|
|
| LEADER |
00000cam a22000004a 4500 |
| 001 |
musev2_7841 |
| 003 |
MdBmJHUP |
| 005 |
20230905040908.0 |
| 006 |
m o d |
| 007 |
cr||||||||nn|n |
| 008 |
020625s2003 nyu o 00 0 eng d |
| 010 |
|
|
|z 2002010095
|
| 020 |
|
|
|a 9780814723098
|
| 020 |
|
|
|z 9780814799017
|
| 035 |
|
|
|a (OCoLC)58844911
|
| 040 |
|
|
|a MdBmJHUP
|c MdBmJHUP
|
| 043 |
|
|
|a n-us-ms
|
| 050 |
0 |
4 |
|a HV530
|b .B37 2003
|
| 082 |
0 |
|
|a 361.7/5/09762
|2 21
|
| 100 |
1 |
|
|a Bartkowski, John P.,
|d 1966-
|
| 245 |
1 |
0 |
|a Charitable Choices :
|b Religion, Race, and Poverty in the Post-Welfare Era /
|c John P. Bartkowski and Helen A. Regis.
|
| 264 |
|
1 |
|a New York :
|b New York University,
|c 2003.
|
| 264 |
|
3 |
|a Baltimore, Md. :
|b Project MUSE,
|c 2012
|
| 264 |
|
4 |
|c ©2003.
|
| 300 |
|
|
|a 1 online resource (224 pages).
|
| 336 |
|
|
|a text
|b txt
|2 rdacontent
|
| 337 |
|
|
|a computer
|b c
|2 rdamedia
|
| 338 |
|
|
|a online resource
|b cr
|2 rdacarrier
|
| 504 |
|
|
|a Includes bibliographical references (p. 192-203) and index.
|
| 505 |
0 |
|
|a The welfare revolution and charitable choice -- Social welfare and faith based benevolence in historical perspective -- Faith based poverty relief : congregational strategies -- A tale of two churches : United Methodists in black and white -- Debating devolution: Pentecostal and Southern Baptist perspectives -- Invisible minorities : transnational migrants in Mississippi -- Street level benevolence at the march for Jesus -- Charitable choice : promise and peril in the post welfare era.
|
| 588 |
|
|
|a Description based on print version record.
|
| 650 |
|
0 |
|a Church work with the poor
|z Mississippi.
|
| 650 |
|
0 |
|a Church and social problems
|z Mississippi.
|
| 650 |
|
0 |
|a Public welfare
|x Religious aspects
|x Christianity.
|
| 650 |
|
0 |
|a Public welfare
|z Mississippi.
|
| 650 |
|
0 |
|a Church charities
|z Mississippi.
|
| 655 |
|
7 |
|a Electronic books.
|2 local
|
| 700 |
1 |
|
|a Regis, Helen A.,
|d 1965-
|
| 710 |
2 |
|
|a Project Muse.
|e distributor
|
| 830 |
|
0 |
|a Book collections on Project MUSE.
|
| 856 |
4 |
0 |
|z Texto completo
|u https://projectmuse.uam.elogim.com/book/7841/
|
| 945 |
|
|
|a Project MUSE - Custom Collection
|
| 945 |
|
|
|a Project MUSE - Archive Complete Foundation
|
| 945 |
|
|
|a Project MUSE - Archive Global Cultural Studies Foundation
|